| 000 | 00546nam a2200181Ia 4500 | ||
|---|---|---|---|
| 008 | 151018s9999 xx 000 0 und d | ||
| 082 |
_bRBASDV57284 _a891.463 |
||
| 100 | _aकुंटे जगन्नाथ | ||
| 245 | _aधुनी | ||
| 250 | _b1 | ||
| 260 |
_b"प्राजक्त प्रकाशन, पुणे " _c2010 |
||
| 300 | _a296 | ||
| 600 | _aकुंटे जगन्नाथ | ||
| 630 | _aधुनी | ||
| 700 | _aकुंटे जगन्नाथ | ||
| 730 | _aधुनी | ||
| 942 | _cBOOK | ||
| 999 |
_c1052671 _d1052668 |
||